[Event "Mogi Guacu op"]
[Site "Mogi Guacu"]
[Date "2022.09.25"]
[Round "5"]
[White "De Almeida, Lelio Tavares"]
[Black "Videira, Alan De Souza"]
[Result "0-1"]
[WhiteElo "1800"]
[BlackElo "1773"]
[PlyCount "68"]
[EventDate "2022.09.23"]
[EventType "swiss"]
[EventRounds "6"]
[EventCountry "BRA"]
[SourceTitle "EXT 2023"]
[Source "ChessBase"]
[SourceDate "2022.10.05"]
[SourceVersion "1"]
[SourceVersionDate "2022.10.05"]
[SourceQuality "1"]

1. d4 d5 2. Bf4 Nf6 3. Nf3 Bf5 4. Nbd2 e6 5. Bg3 h6 6. e3 Bd6 7. Ne5 Nbd7 8. f4 Ne4 9. Be2 Bxe5 10. fxe5 Nxg3 11. hxg3 Qg5 12. Kf2 0-0-0 13. Rc1 f6 14. Nf3 Qg6 15. c4 fxe5 16. c5 c6 17. b4 e4 18. Nh2 Rdf8 19. Rf1 Bh3+ 20. Kg1 Qxg3 21. Rxf8+ Rxf8 22. Bf1 Rf2 23. Rc2 Rxc2 24. Qxc2 Qxe3+ 25. Kh1 Bf5 26. Qb2 Qe1 27. Kg1 g5 28. b5 Nb8 29. bxc6 Nxc6 30. Qe2 Qxe2 31. Bxe2 Nxd4 32. Kf2 Nxe2 33. Kxe2 Kd7 34. Ke3 e5 0-1

[Event "Mogi Guacu op"]
[Site "Mogi Guacu"]
[Date "2022.09.24"]
[Round "4"]
[White "Vaz Lins, Pedro Henrique"]
[Black "De Almeida, Lelio Tavares"]
[Result "0-1"]
[WhiteElo "1800"]
[BlackElo "1800"]
[PlyCount "47"]
[EventDate "2022.09.23"]
[EventType "swiss"]
[EventRounds "6"]
[EventCountry "BRA"]
[SourceTitle "EXT 2023"]
[Source "ChessBase"]
[SourceDate "2022.10.05"]
[SourceVersion "1"]
[SourceVersionDate "2022.10.05"]
[SourceQuality "1"]

1. e4 c6 2. d4 d5 3. Nc3 dxe4 4. Nxe4 Bf5 5. Ng3 Bg6 6. Bc4 e6 7. Be3 Bd6 8. N1e2 Nd7 9. 0-0 Ne7 10. Bb3 0-0 11. c4 Rc8 12. Nc3 Bb8 13. Qd2 Nf5 14. Nxf5 Bxf5 15. g3 Qe7 16. d5 Ne5 17. Kg2 Rcd8 18. Rfe1 Bg4 19. Rf1 Nf3 20. Qc2 Qf6 21. Qe4 Ne5 22. Bd4 Bf3+ 23. Kg1 Bxe4 24. Nxe4 0-1